00512cam a22002051i 4500001001300000003000400013005001700017008004100034010001700075035001900092040001800111042001200129050001700141100001700158245003200175260003800207300002000245504002500265650001600290sa 68016769 DLC20260227112657.0830712s1961 io b 000 0 ind  asa 68016769  a(OCoLC)9694601 aDLCcOAUdDLC apremarc00aBP166.2b.J31 aJafizham, T.10aTauhid /coleh T. Jafizham. a[Medan :bPertj. Mestika,c1961?] a48 p. ;c21 cm. aBibliography: p. 47. 0aGod (Islam)